| 000 | 00578nam a2200169Ia 4500 | ||
|---|---|---|---|
| 003 | GCL | ||
| 008 | 140319s9999 xx 000 0 ara d | ||
| 040 |
_aGCL / _cGCL |
||
| 082 | 0 | 4 |
_a229.2 _bا ف |
| 100 | 1 | _aابن قيم الجوزية: شمس الدين ابو عبدالله محمد بن ابى بكر | |
| 245 | 1 | 0 |
_aالفوائد / _cابن قيم الجوزية: شمس الدين ابو عبدالله محمد بن ابى بكر |
| 300 | _a208 ص | ||
| 490 | _a | ||
| 650 | 0 | 4 | _aالقران - تفسير |
| 650 | 0 | 4 | _aالقران - فضائل |
| 942 |
_2ddc _cBK |
||
| 999 |
_c41623 _d41623 |
||